The Idea of History: With Lectures 1926-1928 (Record no. 5083)

000 -LEADER
fixed length control field 00486 a2200157 4500
020 ## - INTERNATIONAL STANDARD BOOK NUMBER
International Standard Book Number 9780195671728
040 ## - CATALOGING SOURCE
Original cataloging agency DLC
Language of cataloging DLC
082 ## - DEWEY DECIMAL CLASSIFICATION NUMBER
Classification number 907
100 ## - MAIN ENTRY--PERSONAL NAME
Personal name Collingwood, R.G.
245 ## - TITLE STATEMENT
Title The Idea of History: With Lectures 1926-1928
Statement of responsibility, etc. With Lectures 1926-1928
Medium R.G, Collingwood.
260 ## - PUBLICATION, DISTRIBUTION, ETC.
Place of publication, distribution, etc. New York :
Name of publisher, distributor, etc. Oxford University Press,
Date of publication, distribution, etc. 2000.
300 ## - PHYSICAL DESCRIPTION
Extent liii, 5010 p.
Dimensions 20 cm.
500 ## - GENERAL NOTE
General note Includes Index
650 ## - SUBJECT ADDED ENTRY--TOPICAL TERM
Topical term or geographic name entry element 1.Historiography.2.History--Philosophy.
942 ## - ADDED ENTRY ELEMENTS (KOHA)
Koha item type Book
Call number prefix 907 COL
Source of classification or shelving scheme
Holdings
Withdrawn status Lost status Damaged status Not for loan Collection code Permanent Location Current Location Shelving location Date acquired Source of acquisition Cost, normal purchase price Total Checkouts Full call number Barcode Date last seen Date last checked out Price effective from Koha item type
          Central Library (CL) Central Library (CL) General Stacks 12/13/2006 Donation 0.00 1 907 COL SEECS007841 12/13/2021 09/29/2021 01/05/2017 Book
          Central Library (CL) Central Library (CL) General Stacks 12/13/2006 Donation 0.00   907 COL SEECS007842 07/26/2021   01/05/2017 Book
© 2023 Central Library, National University of Sciences and Technology. All Rights Reserved.